000 00486nam a2200193 4500
001 45821
090 _a45821
100 _a20081018d1942 k y0pory5003 ba
101 0 _apor
102 _aPT
200 1 _aA vingança de Catamount
_fAlbert Bonneau
210 _aLisboa
_cLivraria Clássica
_d1937
215 _a245 p.
225 2 _aOs melhores romances de aventuras
_v23
675 _a82-93
700 1 _aBonneau
_bAlbert
702 1 _aLima
_bJosé de
_4730
801 0 _aPT
_bBPMFF
_gRPC
990 _cLIVROS